[Event "Titled Tue 20th May Late"]
[Site "chess.com INT"]
[Date "2025.05.20"]
[Round "10"]
[White "Harriott, Tyrell"]
[Black "Abraham, John Z"]
[Result "0-1"]
[WhiteElo "1924"]
[BlackElo "2100"]
[WhiteFideId "2086484"]
[BlackFideId "30987318"]
[EventDate "2025.05.20"]

1. d4 Nf6 2. e3 e6 3. Bd3 c5 4. f4 cxd4 5. exd4 Nc6 6. Nf3 Bd6 7. O-O O-O 8. c3
b6 9. Ne5 Bb7 10. Nd2 Bc7 11. Qe1 d6 12. Nef3 Re8 13. Qg3 e5 14. fxe5 dxe5 15.
Nh4 e4 16. Qg5 h6 17. Qe3 exd3 18. Qxd3 Qd5 19. Rf5 Re1+ 20. Nf1 Qe4 21. Qxe4
Rxe4 22. Rf2 Rxh4 23. Bd2 Ng4 24. Re2 Nxh2 25. Ne3 Ng4 26. Nf5 Bh2+ 27. Kh1 Rh5
28. Ne3 Ba6 29. Nxg4 Bg3+ 30. Kg1 Bxe2 31. Nf2 Ne7 32. Nh3 Nd5 33. b3 Bg4 34.
Nf2 Bxf2+ 35. Kxf2 Nf6 36. Bf4 Rf5 37. Kg3 g5 38. Be5 h5 39. Kh2 Ne4 40. Kg1
Rxe5 41. dxe5 Rd8 42. Rc1 Rd1+ 43. Rxd1 Bxd1 44. c4 Bc2 45. Kf1 Bb1 46. Ke1 Bxa2
47. Ke2 Bxb3 48. Kd3 Nf2+ 49. Kc3 Bxc4 50. Kxc4 Ng4 51. Kd5 Nxe5 52. Kxe5 a5 53.
Kf5 a4 54. Kxg5 a3 55. Kxh5 a2 56. Kh4 a1=Q 57. Kg3 Qg7+ 58. Kh2 Qg5 59. Kg1 f5
60. Kh2 f4 61. Kg1 f3 62. Kh2 Qxg2# 0-1

[Event "Titled Tue 20th May Late"]
[Site "chess.com INT"]
[Date "2025.05.20"]
[Round "10"]
[White "Rustemov, Alexander"]
[Black "Bluebaum, Matthias"]
[Result "1-0"]
[WhiteTitle "GM"]
[BlackTitle "GM"]
[WhiteElo "2525"]
[BlackElo "2660"]
[WhiteFideId "4119002"]
[BlackFideId "24651516"]
[EventDate "2025.05.20"]

1. d4 d5 2. c4 e6 3. cxd5 exd5 4. Nc3 Bb4 5. Nf3 Nf6 6. Bf4 O-O 7. e3 c5 8. dxc5
Qa5 9. Be5 Nfd7 10. Bd4 Nc6 11. Be2 Nxd4 12. Qxd4 Nxc5 13. O-O Ne6 14. Qd2 Rd8
15. Rfc1 Be7 16. Rd1 Nc7 17. Nd4 Ne8 18. Bf3 Nf6 19. h3 Qb6 20. Rac1 Bd7 21.
Nde2 Be6 22. Nf4 Bb4 23. a3 Bxc3 24. Qxc3 Rac8 25. Qd2 h6 26. Ne2 Bf5 27. Qd4
Be4 28. Qxb6 axb6 29. Rxc8 Rxc8 30. Nc3 Bxf3 31. gxf3 Rc5 32. Rd3 g6 33. b4 Rc6
34. Nxd5 Nxd5 35. Rxd5 Kg7 36. Rd7 Kf6 37. Rxb7 Ke6 38. a4 h5 39. Kg2 f6 40. f4
g5 41. fxg5 fxg5 42. a5 bxa5 43. bxa5 Rc4 44. a6 Ra4 45. Ra7 Kf6 46. Ra8 Kg7 47.
a7 Ra5 48. e4 Ra6 49. e5 Ra5 50. e6 Kf6 51. e7 Kxe7 52. Rh8 Rxa7 53. Rh7+ Kf6
54. Rxa7 Kf5 55. Kf3 Kg6 56. Ke4 h4 57. Ra6+ Kh5 58. Kf5 g4 59. hxg4# 1-0

[Event "Titled Tue 20th May Late"]
[Site "chess.com INT"]
[Date "2025.05.20"]
[Round "10"]
[White "Nguyen Hong Nhung"]
[Black "Montano Vicente, Guadalupe"]
[Result "1-0"]
[WhiteTitle "WFM"]
[WhiteElo "2197"]
[BlackElo "1940"]
[WhiteFideId "12412201"]
[BlackFideId "5181399"]
[EventDate "2025.05.20"]

1. e4 c5 2. Nf3 d6 3. d4 cxd4 4. Nxd4 Nf6 5. Nc3 a6 6. Bg5 e6 7. f4 h6 8. Bh4
Qb6 9. Qd2 Qxb2 10. Rb1 Qa3 11. e5 dxe5 12. fxe5 Nfd7 13. Ne4 Qxa2 14. Rd1 Qd5
15. Qe3 Qxe5 16. Be2 Bc5 17. Bg3 Bxd4 18. Rxd4 Qa5+ 19. Rd2 O-O 20. Bd6 f5 21.
Bxf8 Nxf8 22. Nd6 Nc6 23. O-O Ne5 24. Rdd1 Ned7 25. Bc4 Qc5 26. Qxc5 Nxc5 27.
Nxf5 Bd7 28. Ne7+ Kh7 29. Rf7 Re8 30. Rdf1 Ng6 31. Bd3 Nxd3 32. Nxg6 Kxg6 33.
Rxd7 Nc5 34. Rc7 Ne4 35. Rxb7 Rc8 36. Rb6 Rxc2 37. Rxe6+ Nf6 38. Rxa6 Rd2 39.
Ra3 Re2 40. h3 h5 41. Rf2 Re1+ 42. Kh2 Rd1 43. Rg3+ Kh6 44. Rgf3 Kg6 45. Rf1 Rd4
46. Ra1 Re4 47. Ra7 Rd4 48. Rg3+ Kf5 49. Raxg7 1-0

[Event "Titled Tue 20th May Late"]
[Site "chess.com INT"]
[Date "2025.05.20"]
[Round "10"]
[White "Diaz Cesar, Wilsaida Pieranlly"]
[Black "Baladjaev, Gara"]
[Result "1-0"]
[WhiteTitle "WFM"]
[BlackTitle "FM"]
[WhiteElo "1892"]
[BlackElo "2404"]
[WhiteFideId "6403557"]
[BlackFideId "13401785"]
[EventDate "2025.05.20"]

1. e4 c5 2. Nf3 d6 3. c3 Nf6 4. Be2 g6 5. O-O Bg7 6. Bb5+ Bd7 7. Bxd7+ Nbxd7 8.
Re1 O-O 9. d4 cxd4 10. cxd4 e5 11. dxe5 Nxe5 12. Nxe5 dxe5 13. Qb3 Rc8 14. Nc3
b6 15. Bg5 Qd7 16. Red1 Qb7 17. f3 h6 18. Bxf6 Bxf6 19. Nd5 Bg7 20. Rac1 Kh7 21.
Qb4 Rxc1 22. Rxc1 Rc8 23. Rxc8 Qxc8 24. Qc3 Qa6 25. a3 Qe2 26. h3 h5 27. Kh2 h4
28. Qc7 Kg8 29. Qd8+ Bf8 30. Qxh4 Qxb2 31. Nf6+ Kg7 32. Ng4 f5 33. Qf6+ Kh7 34.
Qf7+ Bg7 35. Nf6+ Kh6 36. Ng8+ Kh7 37. exf5 gxf5 38. Ne7 Qxa3 39. Qg6+ Kh8 40.
Qe8+ Kh7 41. Qh5+ Bh6 42. Qg6+ Kh8 43. Qxh6# 1-0

[Event "Titled Tue 20th May Late"]
[Site "chess.com INT"]
[Date "2025.05.20"]
[Round "10"]
[White "May Sanchez, Andres Elias"]
[Black "Alvarado, Carlos"]
[Result "0-1"]
[BlackTitle "CM"]
[WhiteElo "2209"]
[BlackElo "2032"]
[WhiteFideId "5150973"]
[BlackFideId "3800555"]
[EventDate "2025.05.20"]

1. e4 c6 2. Nc3 d5 3. Nf3 Bg4 4. d4 Nf6 5. e5 Ne4 6. Nxe4 dxe4 7. h3 Bh5 8. g4
Bg6 9. Nh4 e6 10. Nxg6 hxg6 11. Bg2 c5 12. Bxe4 Nc6 13. Bxc6+ bxc6 14. Be3 Qd5
15. Ke2 O-O-O 16. c3 f6 17. exf6 gxf6 18. Qb3 c4 19. Qc2 f5 20. b3 Bd6 21. bxc4
Qxc4+ 22. Qd3 Qa4 23. c4 f4 24. Bd2 Bc7 25. Bc3 e5 26. Qxg6 exd4 27. Bd2 Qxc4+
28. Kf3 Qd5+ 29. Qe4 Qd7 30. Rab1 Rhe8 31. Qf5 Re6 32. Kg2 Bd6 33. Rhe1 Rde8 34.
Rxe6 Rxe6 35. Re1 Rxe1 36. Qxd7+ Kxd7 37. Bxe1 c5 38. Kf3 c4 39. Ke4 d3 40. Kd4
a5 41. Kc3 Bb4+ 42. Kxc4 Bxe1 43. Kxd3 Bxf2 44. Ke4 Bg3 45. g5 Ke7 0-1

[Event "Titled Tue 20th May Late"]
[Site "chess.com INT"]
[Date "2025.05.20"]
[Round "10"]
[White "Grodotzki, Kenneth"]
[Black "Obon Temprano, Sergi"]
[Result "0-1"]
[WhiteTitle "CM"]
[BlackTitle "FM"]
[WhiteElo "1984"]
[BlackElo "2155"]
[WhiteFideId "4648560"]
[BlackFideId "2226545"]
[EventDate "2025.05.20"]

1. f4 d5 2. Nf3 Nf6 3. g3 c6 4. Bg2 Bf5 5. O-O h6 6. d3 e6 7. Kh1 Nbd7 8. Qe1
Bc5 9. Nc3 O-O 10. e4 Bh7 11. e5 Ne8 12. Bd2 b5 13. a3 a5 14. Ne2 Qb6 15. g4 Nc7
16. Ng3 b4 17. a4 Be7 18. f5 exf5 19. gxf5 Rfe8 20. Bh3 f6 21. e6 Ne5 22. Nxe5
fxe5 23. Qxe5 Bf6 24. Qe2 Bxb2 25. Rab1 Bf6 26. Rg1 d4 27. Ne4 Nd5 28. Bxh6 Re7
29. Rbf1 Qc7 30. Nxf6+ Nxf6 31. Bg5 Rf8 32. Bf4 Qd8 33. Be5 Qd5+ 34. Bg2 Qc5 35.
Bh3 Qd5+ 36. Qg2 Qxe5 37. Re1 Qd5 38. Qxd5 Nxd5 39. Re4 Bxf5 40. Bxf5 Rxf5 41.
Rxd4 Rxe6 42. Rdg4 Re7 43. h4 Rf2 44. h5 Kh7 45. h6 gxh6 46. Rg8 Rff7 47. d4 Rg7
48. R8xg7+ Rxg7 49. Re1 Rg6 50. Re8 Kg7 51. Rc8 Nb6 52. Ra8 Nc4 53. Ra7+ Kf6 0-1

[Event "Titled Tue 20th May Late"]
[Site "chess.com INT"]
[Date "2025.05.20"]
[Round "10"]
[White "Haug, Havard"]
[Black "Kaasen, Tor Fredrik"]
[Result "0-1"]
[WhiteTitle "FM"]
[BlackTitle "IM"]
[WhiteElo "2354"]
[BlackElo "2471"]
[WhiteFideId "1547887"]
[BlackFideId "1516647"]
[EventDate "2025.05.20"]

1. e4 e5 2. Nf3 Nc6 3. d4 exd4 4. Nxd4 Nf6 5. Nxc6 bxc6 6. Bd3 d5 7. exd5 cxd5
8. O-O Be7 9. c4 O-O 10. Nc3 d4 11. Ne4 Rb8 12. Nxf6+ Bxf6 13. b3 Re8 14. Bf4 g6
15. Qd2 Rb6 16. Rfe1 Rxe1+ 17. Rxe1 c5 18. h3 Re6 19. Rxe6 Bxe6 20. Qe2 Qa5 21.
Bh6 Qc7 22. Qe4 Bg7 23. Bf4 Qc8 24. Qf3 h5 25. Bd6 Bf8 26. Be5 Bg7 27. Bd6 Bf8
28. Qf4 Bxd6 29. Qxd6 Bf5 30. Bf1 Qe6 31. Qxc5 d3 32. Qa5 Qf6 33. Qd2 Qa1 34. f3
Qb1 35. Kf2 h4 36. c5 Qc2 37. Ke1 Qxc5 38. Bxd3 Bxd3 39. Qxd3 Qg1+ 40. Qf1 Qd4
41. Qe2 Qg1+ 42. Kd2 Qd4+ 43. Kc2 Qa1 44. Kd3 Qb1+ 45. Kc4 Qc1+ 46. Kb5 Qg1 47.
a4 Qb6+ 48. Kc4 Qa6+ 49. Kc5 Qxe2 0-1

[Event "Titled Tue 20th May Late"]
[Site "chess.com INT"]
[Date "2025.05.20"]
[Round "10"]
[White "Andrade, Ivan"]
[Black "Aliyev, Elnur"]
[Result "1-0"]
[WhiteTitle "FM"]
[BlackTitle "CM"]
[WhiteElo "2161"]
[BlackElo "2155"]
[WhiteFideId "14800039"]
[BlackFideId "13402617"]
[EventDate "2025.05.20"]

1. e4 e6 2. d4 d5 3. Nc3 Nf6 4. e5 Nfd7 5. Nce2 b6 6. Nf3 Ba6 7. g3 c5 8. c3 Nc6
9. a3 Bxe2 10. Bxe2 c4 11. O-O Na5 12. Rb1 Nb3 13. Bf4 h6 14. h4 g6 15. Kg2 Be7
16. Rh1 Qc7 17. Nd2 Nxd2 18. Bxd2 b5 19. b3 cxb3 20. Qxb3 a6 21. a4 Rb8 22. axb5
axb5 23. Bxb5 Kf8 24. Qa4 Nb6 25. Qa5 Na8 26. Qxc7 Nxc7 27. Bc6 Kg7 28. Bb7 g5
29. h5 Rhd8 30. Rb3 Ne8 31. Rhb1 f6 32. f4 g4 33. Bxd5 Rxb3 34. Bxb3 fxe5 35.
fxe5 Nc7 36. Bc2 Ra8 37. Rb2 Bd8 38. Be4 Ra3 39. c4 Ra4 40. Bd3 Ne8 41. d5 exd5
42. cxd5 Rd4 43. Rb7+ 1-0

[Event "Titled Tue 20th May Late"]
[Site "chess.com INT"]
[Date "2025.05.20"]
[Round "10"]
[White "Kushko, Dmitriy"]
[Black "Thorhallsson, Simon"]
[Result "0-1"]
[WhiteTitle "IM"]
[BlackTitle "FM"]
[WhiteElo "2454"]
[BlackElo "2218"]
[WhiteFideId "14162261"]
[BlackFideId "2310090"]
[EventDate "2025.05.20"]

1. d3 g6 2. g3 Bg7 3. Bg2 c5 4. e4 Nc6 5. Nf3 d6 6. O-O Nf6 7. c3 O-O 8. Re1 e5
9. a3 h6 10. b4 a6 11. Be3 b6 12. h3 Bb7 13. Ra2 d5 14. bxc5 d4 15. cxd4 exd4
16. Bf4 bxc5 17. Rc2 Qe7 18. Qc1 g5 19. Bd2 Nd7 20. h4 g4 21. Nh2 Nce5 22. Bf1
f5 23. exf5 Qf6 24. Bf4 Qxf5 25. Bxh6 Nf3+ 26. Nxf3 Qxf3 27. Re4 Bxe4 28. dxe4
Qf6 29. Bc4+ Kh8 30. Bg5 Qg6 31. Nd2 Ne5 32. Bd5 Rac8 33. Rxc5 Nd3 34. Rxc8 Nxc1
35. Rxc1 d3 36. Be3 Bh6 37. Nc4 Bxe3 38. Nxe3 Qf6 39. Nxg4 Qb2 40. Rd1 Qe2 41.
Bb3 Qxg4 42. e5 Qe2 43. e6 Qxf2+ 44. Kh1 Qf3+ 45. Kh2 Qe2+ 46. Kh3 Rf2 47. Rh1
d2 48. e7 Qxe7 49. Rd1 Qd7+ 50. g4 Qd3# 0-1

[Event "Titled Tue 20th May Late"]
[Site "chess.com INT"]
[Date "2025.05.20"]
[Round "10"]
[White "Swara Lakshmi S Nair"]
[Black "Piddubna, Bozhena"]
[Result "0-1"]
[WhiteTitle "WCM"]
[BlackTitle "WFM"]
[WhiteElo "2178"]
[BlackElo "2174"]
[WhiteFideId "25629239"]
[BlackFideId "34109293"]
[EventDate "2025.05.20"]

1. e4 e5 2. Nf3 Nc6 3. d4 exd4 4. Nxd4 Nf6 5. Nc3 Bb4 6. Nxc6 bxc6 7. Bd3 d5 8.
exd5 O-O 9. O-O Bg4 10. f3 Bh5 11. dxc6 Qd4+ 12. Kh1 Bxc3 13. bxc3 Qxc3 14. Rb1
Qxc6 15. Bd2 Bg6 16. Rb3 Rfd8 17. Re1 Bxd3 18. cxd3 Rd5 19. Qe2 h6 20. Qf2 Qd7
21. Bf4 c6 22. Qc2 Rf5 23. Bd2 Nd5 24. d4 Rf6 25. Reb1 Nb6 26. Be3 g6 27. Bxh6
Qxd4 28. Be3 Qd5 29. Rd1 Qa5 30. Rbd3 Nd5 31. Bd4 Re6 32. Qf2 Rae8 33. R3d2 Nf4
34. Qh4 Nh5 35. g4 Ng7 36. Qf2 f6 37. Kg2 a6 38. h4 f5 39. Bxg7 Kxg7 40. gxf5
Qxf5 41. Rd7+ Kg8 42. Qb2 Re2+ 43. Qxe2 Rxe2+ 44. Kh1 Qh3+ 0-1

[Event "Titled Tue 20th May Late"]
[Site "chess.com INT"]
[Date "2025.05.20"]
[Round "10"]
[White "Azamikia, Mehran"]
[Black "Avramidou, Anastasia"]
[Result "1/2-1/2"]
[WhiteTitle "CM"]
[BlackTitle "FM"]
[WhiteElo "2130"]
[BlackElo "2294"]
[WhiteFideId "12502502"]
[BlackFideId "4239873"]
[EventDate "2025.05.20"]

1. e4 e6 2. d4 d5 3. Nd2 c5 4. exd5 exd5 5. Ngf3 Nc6 6. Bb5 Qe7+ 7. Qe2 Qxe2+ 8.
Kxe2 Nf6 9. Re1 Be6 10. Kf1 O-O-O 11. Bxc6 bxc6 12. c3 Bd6 13. Ng5 Rhe8 14. Nxe6
Rxe6 15. Rxe6 fxe6 16. Nf3 Rf8 17. Be3 c4 18. b3 cxb3 19. axb3 Kb7 20. Nd2 Ng4
21. Ke2 h6 22. h3 Nxe3 23. fxe3 g5 24. e4 Bf4 25. exd5 exd5 26. Re1 Re8+ 27. Kd1
Rxe1+ 28. Kxe1 Bxd2+ 29. Kxd2 a5 30. Kc2 Kb6 31. Kb2 c5 32. dxc5+ Kxc5 33. Ka3
Kb5 34. g4 Kb6 35. Ka4 Ka6 36. Ka3 Kb5 37. Kb2 a4 38. bxa4+ Kxa4 39. Kc2 Kb5 40.
Kd3 Kc5 41. Kc2 Kc4 42. Kd2 d4 43. cxd4 Kxd4 44. Ke2 Ke4 45. Kf2 Kf4 46. Kg2 Ke3
47. Kg3 Ke4 48. Kf2 Kf4 49. Kg2 Ke3 50. Kg3 Ke2 51. Kg2 Ke3 1/2-1/2

[Event "Titled Tue 20th May Late"]
[Site "chess.com INT"]
[Date "2025.05.20"]
[Round "10"]
[White "Kollars, Dmitrij"]
[Black "Abdurakhmonov, Mukhammadali"]
[Result "1-0"]
[WhiteTitle "GM"]
[BlackTitle "IM"]
[WhiteElo "2625"]
[BlackElo "2368"]
[WhiteFideId "12909572"]
[BlackFideId "14207346"]
[EventDate "2025.05.20"]

1. b3 g6 2. Bb2 Nf6 3. g4 Bg7 4. g5 Nh5 5. Bxg7 Nxg7 6. d4 h6 7. gxh6 Rxh6 8.
Qd2 Rh8 9. Nc3 d5 10. O-O-O c6 11. Nf3 Nd7 12. h4 Nf6 13. Ne5 Bf5 14. f3 Qa5 15.
Kb2 Be6 16. e4 O-O-O 17. Nxd5 Qxd2 18. Nxe7+ Kc7 19. Rxd2 Rhe8 20. N7xg6 fxg6
21. Rg1 Ngh5 22. Rxg6 Rg8 23. Rh6 Rh8 24. Rxh8 Rxh8 25. c4 Nf4 26. d5 Bd7 27.
Nd3 Nxd3+ 28. Bxd3 Rxh4 29. e5 Nh5 30. Bc2 cxd5 31. cxd5 Nf4 32. e6 Nxe6 33.
dxe6 Bxe6 34. Be4 Rf4 35. Rh2 Bf5 36. Bd5 b5 37. Rd2 b4 38. Ba8 Rh4 39. a3 Be6
40. Be4 bxa3+ 41. Kxa3 Bd7 42. Rg2 Rh5 43. Rg7 Kd6 44. Rg6+ Kc7 45. Ra6 Kb8 46.
Kb4 Rb5+ 47. Kc3 Rc5+ 48. Kd4 Rb5 49. Bd5 Rb4+ 50. Bc4 Rb6 51. Rxb6+ axb6 52.
Ke5 Kc7 53. Kf6 Kd6 54. f4 Kc5 55. Be6 Bc6 56. Ke7 Kd4 57. f5 Kc3 58. f6 1-0

[Event "Titled Tue 20th May Late"]
[Site "chess.com INT"]
[Date "2025.05.20"]
[Round "10"]
[White "Tologon tegin, Semetei"]
[Black "Obregon Rivero, Juan Carlos"]
[Result "0-1"]
[WhiteTitle "IM"]
[BlackTitle "GM"]
[WhiteElo "2313"]
[BlackElo "2476"]
[WhiteFideId "13800574"]
[BlackFideId "3507815"]
[EventDate "2025.05.20"]

1. d4 Nf6 2. c4 g6 3. Nc3 Bg7 4. e4 O-O 5. h3 d6 6. Nf3 e5 7. dxe5 dxe5 8. Qxd8
Rxd8 9. Bg5 c6 10. Nxe5 Re8 11. f4 Nh5 12. Kf2 f6 13. g4 fxg5 14. gxh5 gxf4 15.
Nd3 Bxc3 16. bxc3 Rxe4 17. Kf3 Rxc4 18. hxg6 hxg6 19. Rg1 Bf5 20. Ne5 Rxc3+ 21.
Kxf4 Kg7 22. Rd1 Na6 23. Rd6 Rf8 24. Nxg6 Bxg6+ 25. Ke5 Rc5+ 26. Kd4 Rf4+ 27.
Ke3 Re4+ 28. Kf3 Rc3+ 29. Bd3 Rxd3+ 30. Rxd3 Re6 31. Rd7+ Kf6 32. Rxb7 Nc5 33.
Rxa7 Nd3 34. a4 Bh5+ 35. Kg3 Re3+ 36. Kh2 Nf4 37. Rg3 Re2+ 38. Kh1 Bg6 39. a5
Ra2 40. Kg1 Ne2+ 41. Kf2 Nxg3+ 42. Kxg3 Ra3+ 43. Kg4 Bf5+ 44. Kf4 Ra4+ 45. Ke3
Bxh3 46. Kd3 Bg2 47. Kc3 Ke6 48. Kb3 Ra1 49. a6 Kd6 50. Ra8 Kc5 51. Ra7 Bd5+ 52.
Kb2 Ra5 53. Kb1 Kb6 54. Ra8 Rxa6 0-1

[Event "Titled Tue 20th May Late"]
[Site "chess.com INT"]
[Date "2025.05.20"]
[Round "10"]
[White "Szpar, Milosz"]
[Black "Martin Fuentes, Alberto"]
[Result "0-1"]
[WhiteTitle "IM"]
[BlackTitle "FM"]
[WhiteElo "2475"]
[BlackElo "2376"]
[WhiteFideId "1184989"]
[BlackFideId "2292289"]
[EventDate "2025.05.20"]

1. e4 e6 2. d4 d5 3. e5 c5 4. c3 Qb6 5. Nf3 Nc6 6. Be2 f6 7. O-O fxe5 8. dxe5
Nh6 9. Bd3 c4 10. Bc2 Nf7 11. Qe2 g6 12. b3 cxb3 13. axb3 Bg7 14. Bf4 O-O 15.
Nbd2 Qc7 16. Rfe1 a6 17. h3 Bd7 18. Bh2 Rac8 19. Bd3 Qb6 20. Bg3 Nfxe5 21. Rac1
Rce8 22. c4 dxc4 23. Bxc4 Nxf3+ 24. Nxf3 Kh8 25. Rcd1 Bc8 26. Rd6 Qc5 27. Bxe6
Nd4 28. Nxd4 Bxd4 29. b4 Qc3 30. Rxd4 Rxe6 31. Be5+ Kg8 32. Rc4 Qb3 33. Rc7 Rfe8
34. Rg7+ Kf8 35. Qd2 Rxe5 36. Rxe5 Rxe5 37. Qh6 Qd1+ 38. Kh2 Ke8 39. Rg8+ Kd7
40. Rg7+ Re7 41. Qxh7 Qd6+ 42. g3 Qe6 43. h4 Qf6 44. Rg8 Qxf2+ 45. Kh1 Rxh7 46.
Rg7+ Kc6 47. Rxh7 Kb5 48. Rc7 Ka4 49. Rc2 Qf3+ 50. Kg1 Bf5 51. Rf2 Qxg3+ 52. Kf1
Qxh4 53. Ra2+ Kb5 54. Rf2 Qxb4 55. Kg1 a5 0-1

[Event "Titled Tue 20th May Late"]
[Site "chess.com INT"]
[Date "2025.05.20"]
[Round "10"]
[White "Bustelo, Tabare"]
[Black "Erece, Ece Alkim"]
[Result "0-1"]
[WhiteTitle "CM"]
[BlackTitle "WCM"]
[WhiteElo "2043"]
[BlackElo "1843"]
[WhiteFideId "3000362"]
[BlackFideId "6346006"]
[EventDate "2025.05.20"]

1. d4 Nf6 2. Bg5 c5 3. Bxf6 exf6 4. Nf3 d5 5. Nc3 Be6 6. e3 Nc6 7. Bb5 a6 8.
Bxc6+ bxc6 9. Qd2 Bd6 10. O-O O-O 11. h3 Rb8 12. b3 Qc7 13. Ne2 Rfe8 14. c3 a5
15. Rab1 Bf5 16. Rbd1 Qa7 17. g4 Be4 18. Ne1 a4 19. f3 Bg6 20. Nc1 cxd4 21. exd4
Rbd8 22. Ned3 Bb8 23. b4 Qc7 24. Rfe1 h5 25. a3 hxg4 26. hxg4 f5 27. Qg2 fxg4
28. fxg4 Be4 29. Qf2 Qe7 30. Rf1 Bg6 31. Nf4 Bxf4 32. Qxf4 Qe3+ 33. Qxe3 Rxe3
34. Na2 Rg3+ 35. Kh2 Rxg4 36. Rd2 Re8 37. Nc1 Re3 38. Ne2 Bd3 39. Rf2 Bxe2 40.
Rdxe2 Rxc3 41. Rc2 Rxc2 42. Rxc2 Rxd4 43. Rxc6 Rd3 44. b5 Rxa3 45. b6 Rb3 46.
Rc8+ Kh7 47. Ra8 Rxb6 48. Rxa4 Rd6 49. Rd4 Kg6 50. Kg3 Kf5 51. Kf3 Ke5 52. Rh4
d4 53. Rh5+ f5 54. Ke2 Ke4 55. Rh8 Re6 56. Rd8 g5 57. Kd2 g4 58. Rg8 Rb6 59.
Re8+ Kf3 60. Rd8 g3 61. Rxd4 g2 62. Rd3+ Kf2 63. Kc2 g1=Q 64. Rf3+ Kxf3 0-1

[Event "Titled Tue 20th May Late"]
[Site "chess.com INT"]
[Date "2025.05.20"]
[Round "10"]
[White "Vlassov, Nikolai"]
[Black "Petriashvili, Nikoloz"]
[Result "1-0"]
[WhiteTitle "IM"]
[BlackTitle "IM"]
[WhiteElo "2291"]
[BlackElo "2468"]
[WhiteFideId "4103360"]
[BlackFideId "13611216"]
[EventDate "2025.05.20"]

1. e4 Nc6 2. d4 d6 3. d5 Ne5 4. f4 Ng6 5. Nf3 Nf6 6. Nc3 e5 7. dxe6 fxe6 8. Bc4
a6 9. O-O b5 10. Bd3 Be7 11. e5 dxe5 12. fxe5 Nxe5 13. Nxe5 Qd4+ 14. Kh1 Qxe5
15. Bf4 Qc5 16. Ne4 Qc6 17. Nxf6+ Bxf6 18. Qh5+ Ke7 19. Rae1 Bb7 20. Be4 Qxe4
21. Rxe4 Bxe4 22. Qc5+ Kf7 23. Qxc7+ Kg6 24. Qb6 Bd5 25. Qf2 Rhc8 26. Qg3+ Kf7
27. c3 Bc4 28. Rf2 Rd8 29. h3 Rd5 30. Be5 Rad8 31. Bxf6 gxf6 32. Qh4 f5 33.
Qxh7+ Kf6 34. Qh6+ Kf7 35. Kh2 Rg8 36. Qh5+ Kf6 37. Qh4+ Kf7 38. Qh5+ Kf6 39.
Qh6+ Ke5 40. Qf4+ Kf6 41. Qh6+ Ke7 42. b3 Bd3 43. Qh7+ Kf8 44. Qb7 Be4 45. Qxa6
Kf7 46. Qa7+ Kf6 47. Qe3 Ke7 48. c4 bxc4 49. bxc4 Rd3 50. Qc5+ Kf6 51. a4 Rdg3
52. Qd4+ Ke7 53. Qd2 Rb3 54. a5 Ra8 55. Qg5+ Kf7 56. Qh5+ Kg7 57. Qg5+ Kf7 58.
Rd2 Rb7 59. Qh5+ Kg7 60. Rd6 Rb2 61. Qg5+ Kf7 62. Rd7+ Kf8 63. Qe7+ Kg8 64. Qg7# 1-0

[Event "Titled Tue 20th May Late"]
[Site "chess.com INT"]
[Date "2025.05.20"]
[Round "10"]
[White "Hoeffer, David"]
[Black "Gelman, Alexander"]
[Result "1-0"]
[WhiteTitle "FM"]
[BlackTitle "IM"]
[WhiteElo "2295"]
[BlackElo "2403"]
[WhiteFideId "24606766"]
[BlackFideId "4118316"]
[EventDate "2025.05.20"]

1. d4 Nf6 2. Nc3 d5 3. Bf4 a6 4. e3 b5 5. h4 h6 6. Qf3 c5 7. dxc5 Nc6 8. O-O-O
Bg4 9. Qg3 Bxd1 10. Nxd1 Nh5 11. Qf3 Nxf4 12. exf4 e6 13. g4 Bxc5 14. g5 hxg5
15. hxg5 Rxh1 16. Qxh1 Qd6 17. Qh8+ Qf8 18. Qh4 O-O-O 19. Nf3 g6 20. Ne5 Nxe5
21. fxe5 Qe7 22. Nc3 Kb8 23. Bd3 Qa7 24. Nd1 Rc8 25. Kb1 Be7 26. Qf4 Bd8 27. Ne3
Qe7 28. a4 bxa4 29. Qxa4 Bb6 30. Bxa6 Rc5 31. Bd3 Ra5 32. Qc6 Qa7 33. Qe8+ Kb7
34. Qxf7+ Bc7 35. Kc1 Qd4 36. Qxe6 Qxe5 37. Qxg6 Ra1+ 38. Kd2 Qxb2 39. Ke2 Qe5
40. Qf5 Qxf5 41. Bxf5 Kc6 42. Bd3 Be5 43. g6 Rg1 44. Kf3 Kd6 45. Ng4 Bg7 46. Kf4
Ke7 47. Kg5 Rg2 48. f4 Bc3 49. Kf5 Rg3 50. Nh6 Rf3 51. Kg4 Rf2 52. Nf5+ Kf6 53.
Ng3 Bd2 54. Nh5+ Ke7 55. g7 Kf7 56. Kf5 Rh2 57. Kg4 Rg2+ 58. Kh3 Rg1 59. Bh7 1-0

[Event "Titled Tue 20th May Late"]
[Site "chess.com INT"]
[Date "2025.05.20"]
[Round "10"]
[White "Goltsev, Dmitry"]
[Black "Cernov, Henrik"]
[Result "0-1"]
[WhiteTitle "FM"]
[BlackTitle "FM"]
[WhiteElo "2183"]
[BlackElo "2325"]
[WhiteFideId "24176710"]
[BlackFideId "16258312"]
[EventDate "2025.05.20"]

1. e4 c6 2. e5 d5 3. exd6 e5 4. d4 Qxd6 5. dxe5 Qxd1+ 6. Kxd1 Bf5 7. Nf3 Nd7 8.
Bd3 Bg4 9. Re1 O-O-O 10. h3 Bxf3+ 11. gxf3 Nc5 12. Ke2 Nxd3 13. cxd3 Ne7 14. Nc3
Nf5 15. Be3 Nd4+ 16. Bxd4 Rxd4 17. Ne4 Be7 18. Red1 g5 19. Rac1 Rhd8 20. Ke3 Kb8
21. a3 R4d5 22. d4 c5 23. Nc3 Rxd4 24. Ke2 b6 25. Rxd4 cxd4 26. Ne4 d3+ 27. Ke3
Rd5 28. Rd1 Rxe5 29. Kxd3 f5 30. Nc3 Bc5 31. Rd2 Re1 32. b4 Bd6 33. Kc4 Be5 34.
Nb5 a6 35. Nd6 Rc1+ 36. Kd5 Bxd6 37. Kxd6 Rc3 38. Ke5 Rxf3 39. a4 Kc7 40. Ke6 h5
41. Rd7+ Kc8 42. Rd2 g4 43. hxg4 fxg4 44. Rd5 h4 45. Rh5 h3 46. Kd6 Rf6+ 47. Kd5
Rxf2 48. Rh4 h2 49. Kc6 Rc2+ 50. Kxb6 g3 51. Kxa6 Rc1 52. Rh8+ Kd7 53. Rh7+ Ke6
54. Rh6+ Kf7 55. Rb6 h1=Q 56. a5 Qa8+ 57. Kb5 g2 58. a6 g1=Q 59. Rb7+ Qxb7+ 60.
axb7 Qa7 61. b8=Q Qxb8+ 62. Ka5 Ra1# 0-1

[Event "Titled Tue 20th May Late"]
[Site "chess.com INT"]
[Date "2025.05.20"]
[Round "10"]
[White "Naranjo Moreno, Antonio"]
[Black "Goryachkina, Aleksandra"]
[Result "1/2-1/2"]
[WhiteTitle "FM"]
[BlackTitle "GM"]
[WhiteElo "2289"]
[BlackElo "2544"]
[WhiteFideId "2278626"]
[BlackFideId "4147103"]
[EventDate "2025.05.20"]

1. e4 c6 2. d4 d5 3. Nc3 dxe4 4. Nxe4 Nf6 5. Nxf6+ exf6 6. c3 Bf5 7. Nf3 Bd6 8.
Bd3 Bxd3 9. Qxd3 O-O 10. O-O Nd7 11. c4 Re8 12. b3 Nc5 13. Qc2 Ne4 14. Re1 f5
15. Bb2 Bc7 16. Rad1 Qd6 17. d5 c5 18. g3 Qg6 19. Nh4 Qh5 20. Qe2 Qxe2 21. Rxe2
g6 22. Rde1 Ba5 23. Rd1 Nd6 24. Re5 f6 25. Rxe8+ Nxe8 26. d6 Kf7 27. Ng2 Rd8 28.
d7 Ng7 29. Nf4 g5 30. Nd5 Rxd7 31. Bxf6 Rxd5 32. Rxd5 Kxf6 33. Rxc5 Bd8 34. Rc8
Ne6 35. Rb8 b6 36. Rb7 a5 37. Rxh7 g4 38. h3 Ng5 39. Rh6+ Kg7 40. Rd6 Nxh3+ 41.
Kf1 Bf6 42. Rxb6 Bd4 43. Rb5 Kf6 44. c5 Bxf2 45. c6 Bxg3 46. Rxa5 Ke6 47. Ra7
Bd6 48. Rg7 g3 49. c7 Bxc7 50. Rxc7 f4 51. Kg2 Ng5 52. Rc3 Kf5 53. Rc5+ Kg4 54.
Rc4 Nf7 55. a4 Ne5 56. Re4 Kf5 57. Rxe5+ Kxe5 58. Kf3 Kd5 59. b4 Kc4 60. a5 Kb5
61. Kg2 Ka6 62. Kf3 Kb5 63. Kg2 Ka6 64. Kf3 Kb5 1/2-1/2